000
00264nam a2200109Ia 4500
008
200302s9999 xx 000 0 und d
100
_a
Anna Kasabian
245
_a
The New Home Color Book
260
_b
Rockport Publishers Inc.,
260
_c
2001
300
_a
128 P.,
999
_c
2086
_d
2086